logo image

Cryptography and network security : Principles And Practice (Record no. 44354)

MARC details
000 -LEADER
fixed length control field 00499nam a22001937a 4500
003 - CONTROL NUMBER IDENTIFIER
control field OSt
005 - DATE AND TIME OF LATEST TRANSACTION
control field 20260417131331.0
008 - FIXED-LENGTH DATA ELEMENTS--GENERAL INFORMATION
fixed length control field 260330b |||||||| |||| 00| 0 eng d
020 ## - INTERNATIONAL STANDARD BOOK NUMBER
International Standard Book Number 9789357059718
040 ## - CATALOGING SOURCE
Transcribing agency BGL
082 ## - DEWEY DECIMAL CLASSIFICATION NUMBER
Classification number 001.642 STA:C
100 ## - MAIN ENTRY--PERSONAL NAME
Personal name Stallings William
245 ## - TITLE STATEMENT
Title Cryptography and network security : Principles And Practice
250 ## - EDITION STATEMENT
Edition statement 8th
260 ## - PUBLICATION, DISTRIBUTION, ETC.
Place of publication, distribution, etc. New Delhi
Name of publisher, distributor, etc. Pearson India Education
Date of publication, distribution, etc. 2025
300 ## - PHYSICAL DESCRIPTION
Extent 832p
650 ## - SUBJECT ADDED ENTRY--TOPICAL TERM
Topical term or geographic name entry element Mathematics
942 ## - ADDED ENTRY ELEMENTS (KOHA)
Source of classification or shelving scheme Dewey Decimal Classification
Koha item type GB
Holdings
Withdrawn status Lost status Source of classification or shelving scheme Damaged status Not for loan Home library Current library Date acquired Source of acquisition Cost, normal purchase price Discount Net Cost Total Checkouts Full call number Barcode Date last seen Cost, replacement price Price effective from Koha item type
    Dewey Decimal Classification     BGL BGL 19.03.2026 United Book: 45/388 930.00 20% 744.00   001.642 STA:C 69650 30.03.2026 930.00 30.03.2026 GB
    Dewey Decimal Classification     BGL BGL 19.03.2026 United Book: 45/388 930.00 20% 744.00   001.642 STA:C 69651 30.03.2026 930.00 30.03.2026 GB
    Dewey Decimal Classification     BGL BGL 19.03.2026 United Book: 45/388 930.00 20% 744.00   001.642 STA:C 69652 30.03.2026 930.00 30.03.2026 GB
    Dewey Decimal Classification     BGL BGL 19.03.2026 United Book: 45/388 930.00 20% 744.00   001.642 STA:C 69653 30.03.2026 930.00 30.03.2026 GB
    Dewey Decimal Classification     BGL BGL 19.03.2026 United Book: 45/388 930.00 20% 744.00   001.642 STA:C 69654 30.03.2026 930.00 30.03.2026 GB

Powered by Koha